=LDR 00000nam 2200000 4500 =001 INLIS000000000035796 =005 20210121083912 =035 ##$$a 0010-061300000035796 =008 210121################g##########0#ind## =041 ##$$a Ind =082 ##$$a 332.1 =090 ##$$a 332.1, Muh m =100 #$$a Muhammad =245 1#$$a Manajemen pembiayaan mudharabah di Bank Syariah /$c Dr. Muhammad, M.Ag =260 ##$$a 2008 :$b Jakarta =300 ##$$a xii, 174 hlm ; $c 21x14 cm =650 #4$$a Syirkah Wujuh =850 ##$$a NBPNMAT =020 ##$$a 978-979-269-206-3 =084 ##$$a 332.1 MUH m =250 ##$$a cet.1 =990 ##$$a 21004546 =990 ##$$a 21004547 =990 ##$$a 21004545 =990 ##$$a 21004544 =990 ##$$a 00093328 =990 ##$$a 21004545 =990 ##$$a 21004546 =990 ##$$a 21004547 =990 ##$$a 21004544 =990 ##$$a 00093328